A carregar...

Mecca: the pilgrimage city /

Detalhes bibliográficos
Autor principal: Makky, G. A. W.
Formato: Printed Book
Idioma:English
Publicado em: London : Croom Helm, 1978.
LEADER 00385nam a2200121Ia 4500
008 150624b xxu||||| |||| 00| 0 eng d
100 |a Makky, G. A. W. 
245 |a Mecca:  |b the pilgrimage city /  |c G. A. W. Makky 
260 |a London :  |b Croom Helm,  |c 1978. 
300 |a 95 p. 
942 |c BK 
999 |c 30259  |d 30259 
952 |0 1  |1 0  |4 0  |7 0  |9 30258  |a UL  |b UL  |c ST1  |d 1998-08-27  |l 0  |p 41766  |r 2012-10-27  |w 2012-10-27  |y BK